Costa Rica: municipalidades y manejo de desechos sólidos /

Kaydedildi:
Detaylı Bibliyografya
Yazar: Ordeñana Cuadra, Manuel
Materyal Türü: Metin
Konular:
Etiketler: Etiketle
Etiket eklenmemiş, İlk siz ekleyin!

MARC

LEADER 00000 a a2200000 04500
001 7490
003
040
100 |a Ordeñana Cuadra, Manuel  
245 |a Costa Rica:   |b municipalidades y manejo de desechos sólidos /  |c Manuel Ordeñana Cuadra 
650 |a DESPERDICIOS SOLIDOS  
650 |a GOBIERNO LOCAL  
650 |a CONTAMINACION  
650 |a CRECIMIENTO DEMOGRAFICO  
650 |a ASPECTOS SOCIALES  
650 |a ASPECTOS POLITICOS  
650 |a ASPECTOS ECONOMICOS  
650 |a ADMINISTRACION DE DESPERDICIOS  
773 |g número 9; páginas 40-50  
999 |c 32977  |d 32977